| 000 | 01893nam a2200349 c 4500 | ||
|---|---|---|---|
| 003 | BLK | ||
| 005 | 20180420230623.0 | ||
| 008 | 180409b bul|||||r ||||||| ||bul|| | ||
| 010 | _aKNG00114834000 | ||
| 020 |
_a92-894-7748-2 _bиздат.: Делегация на Европ. комисия в България |
||
| 040 | _aBLK | ||
| 041 |
_aBUL _cBUL |
||
| 080 |
_aЕвропейски съюз - политически аспекти _b327.7:061.1ЕС _x _z327.7:061.1ЕС |
||
| 080 |
_aЕвропейски съюз (икон. аспекти) _b339.923:061.1ЕС _x _z339.923:061.1ЕС |
||
| 080 |
_aСоциография. Социално положение. Условия на политическия и социалния живот. Социално и социално-икономическо положение на отделните страни, народи, раси. Социална география. (Общи въпроси) _b308 _x(4-6) _z308(4-6) |
||
| 139 |
_aПовече единство и повече разнообразие _bП 63 |
||
| 245 | 1 | 0 |
_aПовече единство и повече разнообразие _bНай-голямото разширяване на Европ. съюз |
| 257 | _aBGR | ||
| 260 |
_аСофия _bДелегация на Европ. комисия в България _c2004 _fСофия : Сиела |
||
| 300 |
_a24 с. _c23 см |
||
| 380 | _a3 | ||
| 490 | 1 | _aПоредица Европа напредва | |
| 500 | _aОриг. загл. More Unity and More Diversity - Офс. изд. | ||
| 650 | 4 |
_aЕвропейски съюз - създаване и разширяване _9277915 |
|
| 653 | _aЕвропейски съюз | ||
| 659 | _aЕ | ||
| 852 | _aЦб 220827 | ||
| 856 | 4 |
_qpdf _u |
|
| 856 | 4 |
_qpdf _u |
|
| 942 |
_cKNG _n0 |
||
| 944 |
_aCR _c30.08.2004 _kЛюдмила_Стоянова |
||
| 944 |
_aED _c12.12.2005 _k |
||
| 999 |
_c109517 _d109517 |
||